000 00947cam a2200289 4500
001 15488
003 BD-RjUL
005 20211208235827.0
008 140210s19691966ilua b 001 0 eng
035 _a(BD-RjUL)15542
040 _aDLC
_cDLC
_dDLC
_beng
041 _aeng
082 0 0 _a658
_bRUS 1969
100 1 _aRubenstein, Albert Harold,
_d1923-
_948107
245 1 0 _aSome theories of organization /
_cedited by Albert H. Rubenstein and Chadwick J. Haberstroh.
250 _aRev. ed.
260 _aHomewood, Ill. :
_bR. D. Irwin,
_c1966.[reprinting 1969]
300 _axiii, 722 p. :
_billus. ;
_c24 cm.
490 0 _aThe Irwin-Dorsey series in behavioral science
504 _aIncludes index and bibliographies.
650 0 _aOrganization.
_948108
650 0 _aIndustrial organization.
_948109
700 1 _aHaberstroh, Chadwick J.
_q(Chadwick John),
_948110
942 _2ddc
_cBK
999 _c15488
_d15488